<?xml version="1.0" encoding="UTF-8"?><?xml-stylesheet type="text/xsl" href="static/style.xsl"?><OAI-PMH xmlns="http://www.openarchives.org/OAI/2.0/" xmlns:xsi="http://www.w3.org/2001/XMLSchema-instance" xsi:schemaLocation="http://www.openarchives.org/OAI/2.0/ http://www.openarchives.org/OAI/2.0/OAI-PMH.xsd"><responseDate>2026-04-17T06:08:38Z</responseDate><request verb="GetRecord" identifier="oai:www.recercat.cat:20.500.14342/3765" metadataPrefix="marc">https://recercat.cat/oai/request</request><GetRecord><record><header><identifier>oai:recercat.cat:20.500.14342/3765</identifier><datestamp>2025-05-15T19:19:39Z</datestamp><setSpec>com_2072_482405</setSpec><setSpec>com_2072_183628</setSpec><setSpec>col_2072_482409</setSpec></header><metadata><record xmlns="http://www.loc.gov/MARC21/slim" xmlns:dcterms="http://purl.org/dc/terms/" xmlns:xsi="http://www.w3.org/2001/XMLSchema-instance" xmlns:doc="http://www.lyncode.com/xoai" xsi:schemaLocation="http://www.loc.gov/MARC21/slim http://www.loc.gov/standards/marcxml/schema/MARC21slim.xsd">
   <leader>00925njm 22002777a 4500</leader>
   <datafield ind2=" " ind1=" " tag="042">
      <subfield code="a">dc</subfield>
   </datafield>
   <datafield ind2=" " ind1=" " tag="720">
      <subfield code="a">Lavedán, Ana</subfield>
      <subfield code="e">author</subfield>
   </datafield>
   <datafield ind2=" " ind1=" " tag="720">
      <subfield code="a">Masot, Olga</subfield>
      <subfield code="e">author</subfield>
   </datafield>
   <datafield ind2=" " ind1=" " tag="720">
      <subfield code="a">Canet Vélez, Olga</subfield>
      <subfield code="e">author</subfield>
   </datafield>
   <datafield ind2=" " ind1=" " tag="720">
      <subfield code="a">Teresa, Botigué</subfield>
      <subfield code="e">author</subfield>
   </datafield>
   <datafield ind2=" " ind1=" " tag="720">
      <subfield code="a">Cemeli Sanchez, Tania</subfield>
      <subfield code="e">author</subfield>
   </datafield>
   <datafield ind2=" " ind1=" " tag="720">
      <subfield code="a">Roca Llobet, Judith</subfield>
      <subfield code="e">author</subfield>
   </datafield>
   <datafield ind2=" " ind1=" " tag="260">
      <subfield code="c">2022-06</subfield>
   </datafield>
   <datafield ind2=" " ind1=" " tag="520">
      <subfield code="a">Anxiety is one of the most common problems among nursing students. The State-Trait Anxiety Inventory (STAI) is used to detect anxiety in this population; however, its length hinders speedy detection. For this reason, a faster and more efficient instrument is needed for early detection. This study aimed to determine the relationship between the anxiety measurement scales State-Trait&#xd;
Anxiety Inventory (STAI) and the Visual Analogue Scale for Anxiety (VAS-A) by establishing a discrimination threshold through the contrast of true positive rates (VPR) and false positive rates (FPR). To this end, a cross-sectional quantitative observational and analytical study was carried out on 185 fourth-year nursing students. The data collected were anxiety (STAI and VAS-A) and&#xd;
socio-demographic variables during the COVID-19 pandemic. The results showed a correlation between the two scales (VAS-A and STAI). The VAS-A is a useful instrument for assessing students in a crisis that could potentially generate anxiety. The study established a reasonably safe error probability range (>5%), allowing the VAS-A scale to be used as a rapid diagnostic or pre-diagnostic tool, depending on the scores. The study shows that speedy detection of anxiety using the VAS-A and an in-depth approach with the STAI by teaching staff in crises is possible.</subfield>
   </datafield>
   <datafield ind1="8" ind2=" " tag="024">
      <subfield code="a">http://hdl.handle.net/20.500.14342/3765</subfield>
   </datafield>
   <datafield ind1="8" ind2=" " tag="024">
      <subfield code="a">https://doi.org/10.3390/ijerph19127053</subfield>
   </datafield>
   <datafield tag="653" ind2=" " ind1=" ">
      <subfield code="a">Ansietat</subfield>
   </datafield>
   <datafield tag="653" ind2=" " ind1=" ">
      <subfield code="a">COVID-19 (Pandèmia), 2020-</subfield>
   </datafield>
   <datafield tag="653" ind2=" " ind1=" ">
      <subfield code="a">Estudiants d'infermeria</subfield>
   </datafield>
   <datafield tag="653" ind2=" " ind1=" ">
      <subfield code="a">Tests psicològics</subfield>
   </datafield>
   <datafield tag="653" ind2=" " ind1=" ">
      <subfield code="a">State-Trait Anxiety Inventory (STAI)</subfield>
   </datafield>
   <datafield tag="653" ind2=" " ind1=" ">
      <subfield code="a">Visual Analogue Anxiety Scale (VAS-A)</subfield>
   </datafield>
   <datafield ind2="0" ind1="0" tag="245">
      <subfield code="a">Diagnostic concordance between the Visual Analogue Anxiety Scale (VAS-A) and the State-Trait Anxiety Inventory (STAI) in nursing students during the COVID-19 Pandemic</subfield>
   </datafield>
</record></metadata></record></GetRecord></OAI-PMH>